| 000 | 00840nam a22002177a 4500 | ||
|---|---|---|---|
| 999 |
_c5044 _d5044 |
||
| 003 | AR-CdUCM | ||
| 008 | 190311b ||||| |||| 00| 0 spa d | ||
| 040 |
_aMUNICIPALIDAD PROVINCIAL DEL CUSCO _cBIBLIOTECA MUNICIPAL DEL CUSCO |
||
| 082 |
_22ed. _a860.96 / _bT73 |
||
| 100 |
_aTorrente Ballester, Gonzalo _9516 |
||
| 245 | _aPanorama de la literatura española contemporánea / | ||
| 260 |
_aMadrid : _bEdiciones Guadarrama, _c1961. |
||
| 300 |
_a1078 páginas ; _c22 cm. |
||
| 500 | _aDonación familia Luis Nieto | ||
| 505 | _aContenido: Realismo positivista y naturalismo -- Los escritores de la restauración -- La incitación del modernismo. La respuesta a Europa -- La respuesta de Europa... | ||
| 650 |
_aEuropa _91221 |
||
| 650 |
_aModernismo _9519 |
||
| 650 |
_aEstudio historico _915411 |
||
| 942 |
_2ddc _cLIBROS |
||
| 945 | _adavv | ||